[Event "1st Lido Adriano Open"]
[Site "Ravenna ITA"]
[Date "2011.04.03"]
[Round "2"]
[White "O'Leary, Matt"]
[Black "De Groof, Maurice"]
[Result "1/2-1/2"]
[WhiteElo "1995"]
[BlackElo "1830"]
[WhiteFideId "2501970"]
[BlackFideId "214418"]
[EventDate "2011.04.02"]
[EventType "tourn"]

1. d4 Nf6 2. Nf3 e6 3. g3 d5 4. Bg2 Be7 5. O-O O-O 6. Nc3 Nbd7 7. Bf4 c6 8. a3
a5 9. Na2 Qb6 10. Rb1 c5 11. c3 Ne4 12. Nd2 Nxd2 13. Qxd2 Bf6 14. Be3 Be7 15.
Nc1 c4 16. Na2 Nf6 17. Qc2 a4 18. Nb4 Bd7 19. Bg5 Qd8 20. e4 Bc6 21. exd5 exd5
22. Rfe1 h6 23. Bf4 Qd7 24. Re2 Bd6 25. Bxd6 Qxd6 26. Rbe1 Rfe8 27. Qf5 Rxe2 28.
Rxe2 Rd8 29. Qe5 Qxe5 30. dxe5 Ne8 31. Rd2 Nc7 32. f4 Kf8 33. Kf2 Ke7 34. Ke3 g6
35. g4 f6 36. exf6+ Kxf6 37. Kf2 Rd7 38. Re2 Re7 39. g5+ hxg5 40. fxg5+ Kf7 41.
Rxe7+ Kxe7 42. h4 Kd6 43. Kg3 Bd7 44. Bh3 Bxh3 45. Kxh3 Ne6 46. Kg4 Ng7 47. Nc2
Ke5 48. Kf3 Nf5 49. Kg4 Ng7 1/2-1/2

[Event "1st Lido Adriano Open"]
[Site "Ravenna ITA"]
[Date "2011.04.03"]
[Round "2"]
[White "Van Melsen, Raymond"]
[Black "Egan, Colm"]
[Result "0-1"]
[WhiteElo "1830"]
[BlackElo "1996"]
[WhiteFideId "263877"]
[BlackFideId "2501732"]
[EventDate "2011.04.02"]
[EventType "tourn"]

1. e4 c5 2. f4 g6 3. Nf3 Bg7 4. c3 d6 5. Be2 e6 6. Na3 Ne7 7. O-O O-O 8. Nc2 d5
9. e5 Nbc6 10. d3 b5 11. Qe1 a5 12. Be3 c4 13. d4 Nf5 14. Bf2 Qb6 15. Kh1 b4 16.
Ne3 bxc3 17. Nxf5 exf5 18. bxc3 a4 19. Bh4 Nd8 20. Be7 Re8 21. Rb1 Qc6 22. Qh4
Ne6 23. Bf6 Bf8 24. Ng5 Nxg5 25. Bxg5 Be6 26. Rf3 Rab8 27. Rbf1 f6 28. Rh3 Rb7
29. Bxf6 Qc7 30. Qg3 Bg7 31. Bg5 Rb2 32. Bd1 Rxa2 33. Qh4 Bh8 34. Bf6 Bxf6 35.
Qxf6 Qe7 36. Qxe7 Rxe7 37. Rhf3 Rb7 38. Kg1 a3 39. Ba4 Rbb2 40. Rg3 Rd2 41. Rb1
Rab2 42. Ra1 a2 43. Rf3 Rxg2+ 44. Kh1 Rxh2+ 45. Kg1 Rbg2+ 46. Kf1 Rh1+ 47. Kxg2
Rxa1 48. Bc2 Rg1+ 0-1

[Event "1st Lido Adriano Open"]
[Site "Ravenna ITA"]
[Date "2011.04.03"]
[Round "2"]
[White "De Caro, Nicola"]
[Black "Rauta, Nicolas"]
[Result "1/2-1/2"]
[WhiteElo "1815"]
[BlackElo "1975"]
[WhiteFideId "846619"]
[BlackFideId "206873"]
[EventDate "2011.04.02"]
[EventType "tourn"]

1. d4 d5 2. Nf3 Nf6 3. e3 c6 4. Bd3 Bg4 5. Nbd2 Nbd7 6. O-O e6 7. c4 Bd6 8. Qb3
Qc7 9. a4 O-O 10. c5 Be7 11. Qc2 e5 12. dxe5 Nxe5 13. Nxe5 Qxe5 14. Rb1 Bd8 15.
b4 Bc7 16. g3 h5 17. Bb2 Qg5 18. f4 Qh6 19. Nf3 Rfe8 20. Bd4 Bh3 21. Rfe1 Ne4
22. Bxe4 Rxe4 23. Ng5 Bf5 24. Nxe4 Bxe4 25. Qf2 Bxb1 1/2-1/2

[Event "1st Lido Adriano Open"]
[Site "Ravenna ITA"]
[Date "2011.04.02"]
[Round "2"]
[White "Korhonen, Erkki"]
[Black "Proietti, Tosca"]
[Result "*"]
[WhiteElo "1944"]
[BlackElo "1799"]
[WhiteFideId "4690540"]
[BlackFideId "837245"]
[EventDate "2011.04.02"]
[EventType "tourn"]

1. d4 Nf6 2. Nf3 g6 3. c4 Bg7 4. Nc3 O-O 5. e4 d6 6. Be2 e5 7. O-O Nc6 8. d5 Ne7
9. b4 a5 10. Ba3 axb4 11. Bxb4 b6 12. a4 Ne8 13. a5 c6 14. dxc6 Nxc6 15. Qd5 Bb7
16. a6 Nxb4 17. Qxb7 Nf6 18. Nb5 Rb8 19. Qc7 Ra8 20. a7 Nxe4 21. Qxd8 Rfxd8 22.
Nc7 *

[Event "1st Lido Adriano Open"]
[Site "Ravenna ITA"]
[Date "2011.04.03"]
[Round "2"]
[White "Weinberg, Emanuele"]
[Black "Litrico, Paolo"]
[Result "0-1"]
[WhiteElo "1769"]
[BlackElo "1963"]
[WhiteFideId "813788"]
[BlackFideId "829781"]
[EventDate "2011.04.02"]
[EventType "tourn"]

1. d4 f5 2. c4 Nf6 3. Nc3 g6 4. g3 Bg7 5. Bg2 O-O 6. Nf3 d6 7. O-O Nc6 8. d5 Na5
9. Qd3 e5 10. dxe6 Bxe6 11. b3 Nc6 12. Bb2 Ne4 13. a3 Qf6 14. Rac1 a5 15. Nd1
Qe7 16. Bxg7 Qxg7 17. Nc3 Nc5 18. Qc2 f4 19. Qd1 g5 20. Nd2 Nd7 21. Bd5 Rae8 22.
Bxe6+ Rxe6 23. Nf3 Nf6 24. Nd4 Nxd4 25. Qxd4 Qh6 26. f3 fxg3 27. hxg3 Qh3 28.
Qf2 Ng4 29. Qg2 Qxg2+ 30. Kxg2 Ne3+ 31. Kf2 Nxf1 32. Kxf1 Re3 33. Kf2 Rfe8 34.
Rc2 R3e6 35. Nd5 Rc8 36. e4 Kf7 37. Re2 b6 38. f4 gxf4 39. gxf4 Rh6 40. Ke1 Rh3
41. e5 dxe5 42. fxe5 Rxb3 43. e6+ Ke8 44. Nf6+ Ke7 45. Nd5+ Kd6 46. Nf6 Rb1+ 0-1

[Event "1st Lido Adriano Open"]
[Site "Ravenna ITA"]
[Date "2011.04.03"]
[Round "2"]
[White "Russo, Carmelo"]
[Black "Solaroli, Riccardo"]
[Result "0-1"]
[WhiteElo "1707"]
[BlackElo "1937"]
[WhiteFideId "816590"]
[BlackFideId "809810"]
[EventDate "2011.04.02"]
[EventType "tourn"]

1. d4 Nf6 2. c4 g6 3. Nc3 d5 4. cxd5 Nxd5 5. e4 Nxc3 6. bxc3 Bg7 7. Bc4 c5 8.
Ne2 Nc6 9. Be3 O-O 10. O-O Na5 11. Bd3 b6 12. Rc1 e5 13. dxc5 Be6 14. cxb6 axb6
15. Ra1 Qc7 16. Bb5 Rfd8 17. Qc2 Nc4 18. Bg5 f6 19. Bc1 f5 20. a4 f4 21. Qb3 Rd6
22. Qc2 Rad8 23. Re1 g5 24. Ba3 Rd2 25. Qc1 Na5 26. Bb4 Nb3 27. Qb1 Nxa1 28.
Qxa1 Ra2 29. Qc1 Rdd2 30. f3 Bc4 31. Kf2 Rxe2+ 32. Rxe2 Rxe2+ 33. Kg1 Bf8 34.
Qd1 Bxb4 35. Bxc4+ Qxc4 36. Qd8+ Bf8 37. Qxg5+ Bg7 38. Qd8+ Kf7 39. Qd7+ Kg8 40.
Qe8+ Bf8 41. h3 Qc5+ 42. Kh2 Qe7 43. Qb5 Rd2 44. Qxb6 Qg7 45. Qg1 Qg3+ 46. Kh1
Re2 47. a5 Re1 0-1

[Event "1st Lido Adriano Open"]
[Site "Ravenna ITA"]
[Date "2011.04.03"]
[Round "2"]
[White "Di Lazzaro, Gabriele"]
[Black "Lynch, Peter J."]
[Result "1/2-1/2"]
[WhiteElo "1921"]
[BlackElo "1721"]
[WhiteFideId "812676"]
[BlackFideId "2501252"]
[EventDate "2011.04.02"]
[EventType "tourn"]

1. e4 c5 2. Nf3 d6 3. c3 e6 4. d4 d5 5. e5 Nc6 6. Be2 Qb6 7. O-O Bd7 8. b3 cxd4
9. cxd4 Nge7 10. Nc3 a6 11. Na4 Qa7 12. Nc5 Nf5 13. Nxd7 Kxd7 14. Bb2 Be7 15.
Bd3 g6 16. Bxf5 gxf5 17. Qd2 Rag8 18. h3 Rg6 19. g3 h5 20. h4 Rhg8 21. Kh2 Qb8
22. a4 Qf8 23. Bc3 Rg4 24. Rab1 f4 25. Rg1 fxg3+ 26. fxg3 Qg7 27. Qf2 f5 28. b4
b5 29. axb5 axb5 30. Bd2 Qf8 31. Qe2 Qb8 32. Qd3 Qb6 33. Bc3 Re4 34. Nd2 Reg4
35. Nf3 Re4 36. Nd2 Reg4 1/2-1/2

[Event "1st Lido Adriano Open"]
[Site "Ravenna ITA"]
[Date "2011.04.03"]
[Round "2"]
[White "Thonig, Manfred"]
[Black "Antoniacci, Riccardo"]
[Result "0-1"]
[WhiteElo "1664"]
[BlackElo "1912"]
[WhiteFideId "24607550"]
[BlackFideId "804908"]
[EventDate "2011.04.02"]
[EventType "tourn"]

1. f4 g6 2. Nf3 Nf6 3. e3 Bg7 4. d4 d6 5. Be2 Nbd7 6. b3 c5 7. O-O O-O 8. c4 b6
9. Bb2 Ne4 10. Nc3 Ndf6 11. Nxe4 Nxe4 12. Bd3 Bb7 13. Qc2 f5 14. Ng5 Nxg5 15.
fxg5 e6 16. e4 Qxg5 17. Rf3 Rae8 18. Rg3 Qf6 19. e5 dxe5 20. dxe5 Qe7 21. Rf1
Qc7 22. Qe2 Rf7 23. Qe3 f4 24. Rxf4 Bh6 25. Bxg6 Rxf4 26. Bxe8+ Kh8 27. Qe2 Qe7
28. Bh5 Qf8 29. Bc1 Re4 30. Be3 Bf4 31. Rh3 Qg7 32. g4 Qxe5 33. Qd2 0-1

[Event "1st Lido Adriano Open"]
[Site "Ravenna ITA"]
[Date "2011.04.03"]
[Round "2"]
[White "Bondielli, Giorgio"]
[Black "Gabbriellini, Gianfranco"]
[Result "1-0"]
[WhiteElo "1900"]
[BlackElo "1698"]
[WhiteFideId "808865"]
[BlackFideId "890910"]
[EventDate "2011.04.02"]
[EventType "tourn"]

1. e4 e5 2. Nf3 Nc6 3. d4 d5 4. exd5 Qxd5 5. Nc3 Bb4 6. Bd2 Bxc3 7. Bxc3 Bg4 8.
dxe5 O-O-O 9. Qxd5 Rxd5 10. Bc4 Bxf3 11. gxf3 Rc5 12. e6 f6 13. Bb3 Nge7 14.
O-O-O Rf5 15. Rd3 a5 16. a4 Nb8 17. Rg1 g5 18. Rgd1 Re8 19. Bc4 c6 20. Bd4 Nd5
21. Bxd5 cxd5 22. Be3 Rxe6 23. Rxd5 Rxd5 24. Rxd5 Nc6 25. Bb6 Re5 26. Rxe5 Nxe5
27. Bxa5 Nxf3 28. h3 Ng1 29. Kd2 Nxh3 30. Ke3 Kd7 31. Bc3 Ke6 32. b4 Nf4 33. Bd2
Nd5+ 34. Kf3 h5 35. a5 Kf5 36. c4 Nc7 37. b5 g4+ 38. Kg3 Ke4 39. a6 b6 40. Be3 1-0

[Event "1st Lido Adriano Open"]
[Site "Ravenna ITA"]
[Date "2011.04.03"]
[Round "2"]
[White "Bruschi, Morvan"]
[Black "Gillespie, Gary"]
[Result "0-1"]
[WhiteElo "1630"]
[BlackElo "1876"]
[WhiteFideId "809454"]
[BlackFideId "2402777"]
[EventDate "2011.04.02"]
[EventType "tourn"]

1. Nf3 Nf6 2. g3 g6 3. Bg2 Bg7 4. O-O O-O 5. d3 d6 6. e4 c5 7. Re1 Nc6 8. Nbd2
Rb8 9. Rb1 b5 10. Nf1 Nd7 11. Bg5 Qb6 12. Qd2 Re8 13. Bh6 Bh8 14. Ne3 e6 15. Ng4
b4 16. h4 Nce5 17. Ngxe5 Nxe5 18. h5 Nxf3+ 19. Bxf3 e5 20. hxg6 hxg6 21. Kg2 f6
22. Rh1 Kf7 23. Rh2 Be6 24. Rbh1 Rg8 25. Bg5 fxg5 26. Qxg5 Qd8 27. Rh7+ Bg7 28.
Qh6 Qf6 29. Be2 Rh8 30. Rxh8 Bxh8 31. a3 a5 32. axb4 axb4 33. c3 bxc3 34. bxc3
Bg7 35. Qd2 Bf8 0-1

[Event "1st Lido Adriano Open"]
[Site "Ravenna ITA"]
[Date "2011.04.03"]
[Round "2"]
[White "Ledent, Philippe"]
[Black "Traversi, Carlo"]
[Result "1-0"]
[WhiteElo "1865"]
[BlackElo "1657"]
[WhiteFideId "218227"]
[BlackFideId "814202"]
[EventDate "2011.04.02"]
[EventType "tourn"]

1. d4 Nf6 2. c4 g6 3. Nc3 d5 4. Bf4 c6 5. e3 Bg7 6. Nf3 Bf5 7. Qb3 Qb6 8. Qxb6
axb6 9. cxd5 Nxd5 10. Nxd5 cxd5 11. Bc7 Nd7 12. Bb5 Rc8 13. Bxb6 O-O 14. Ba5 Rc2
15. Bc3 Nb6 16. O-O Nc4 17. Ba4 Re2 18. Bd1 Rxb2 19. Bxb2 Nxb2 20. Bb3 Nc4 21.
Rac1 b5 22. h3 h5 23. Kh2 Ra8 24. Rfd1 e6 25. Ne1 Bf8 26. Nc2 Nb2 27. Rd2 Nc4
28. Re2 Bd3 29. Ree1 Bf5 30. Rg1 h4 31. Rgd1 Nb2 32. Rd2 Nc4 33. Re2 Bd3 34.
Ree1 Bf5 35. f3 g5 36. e4 Bg6 37. exd5 exd5 38. Kh1 Bd6 39. Re2 Bd3 40. Ree1 Bg6
41. Rcd1 Bg3 42. Re2 Nb2 43. Ra1 Nc4 44. Nb4 Rd8 45. Nc6 Rd6 46. Ne7+ Kg7 47.
Nxg6 Kxg6 48. Bc2+ Kf6 49. Bd3 Rb6 50. Rb1 b4 51. Kg1 Bf4 52. Bxc4 dxc4 53. Kf2
Bd6 54. Rc2 c3 55. Rxc3 Bg3+ 56. Ke2 Bf4 57. Rcb3 Re6+ 58. Kd3 Bd6 59. R1b2 Re1
60. Kc4 Ke6 61. Rxb4 Bxb4 62. Kxb4 Kd5 63. Rd2 Rb1+ 64. Ka5 Rc1 65. a4 f6 66.
Ka6 Rc6+ 67. Kb5 Rc3 68. a5 Rb3+ 69. Ka6 Rb4 70. Ka7 Rb5 71. a6 Rb4 72. Ka8 Rb6
73. a7 Rb4 74. Rc2 Kxd4 75. Rc7 Ke3 76. Rb7 Ra4 77. Kb8 Kf2 78. Rb2+ 1-0